000 00709nam a22002057a 4500
999 _c63750
_d63750
003 Ge_BSU
005 20251219204957.0
008 251219s2023 ge ||||| |||| 00| 0 geo d
020 _a9789941357015
041 _ageo
080 _a821.111(73)-31 A-30
100 _aAlcott, Louisa May
_926578
245 _aLittle Women :
_b [A novel] /
_c Louisa May Alcott; copyeditor Tina Asatiani; designer Rati Tordia.
264 _aTbilisi :
_bPalitra L,
_c2023.
300 _a564 p. ;
_b19 cm.
653 _aამერიკული პროზა
700 _aAsatiani, Tina
_eრედაქტორი
_926579
700 _aTordia, Rati
_eდიზაინერი
_926580
942 _2udc
_cᲬᲘᲒᲜᲘ